000 00539nam a22001937a 4500
003 OSt
005 20140310181912.0
008 130713t xxu||||| |||| 00| 0 eng d
020 _a0813370779
050 _aJS 451
_b.R532 1986
082 _aTR 352.06
_bRi44 1986
245 _aIntergovermental mediation :
_bnegotiations in local goverment disputes /
_cRoger Richman
260 _aLondon :
_bWestview Press,
_cc1986.
300 _a173 p.
_c23 cm.
521 _aFaculty
541 _j1
562 _e1
942 _2lcc
_cBK-TR
_kTR
999 _c6565
_d6565